[Event "4NCL 2012-13"]
[Site "Staverton ENG"]
[Date "2013.01.12"]
[Round "3.182"]
[White "Wells, Peter K"]
[Black "Ansell, Simon T"]
[Result "1/2-1/2"]
[WhiteTitle "GM"]
[BlackTitle "IM"]
[WhiteElo "2488"]
[BlackElo "2377"]
[WhiteTeam "White Rose"]
[BlackTeam "Blackthorne Russia"]
[WhiteFideId "400327"]
[BlackFideId "402141"]
[EventDate "2012.11.03"]

1. d4 d5 2. c4 c6 3. Nf3 e6 4. g3 Bd6 5. Bg2 f5 6. O-O Nf6 7. b3 Qe7 8. Ne5 O-O
9. Bb2 b6 10. cxd5 exd5 11. Qc2 Qe8 12. Nc3 Be6 13. Rac1 Qh5 14. e3 Ng4 15. h3
Nxe5 16. dxe5 Bc5 17. Ne2 Qf7 18. Rfd1 a5 19. a3 Ra7 20. Nf4 g5 21. Nd3 Be7 22.
b4 axb4 23. axb4 Rc7 24. b5 c5 25. Nb4 Rd7 26. Na6 f4 27. exf4 gxf4 28. gxf4
Qxf4 29. Nxb8 Rxb8 30. Rd3 Bh4 31. Rf3 Qh6 32. Kh2 Rf8 33. Rg1 Rg7 34. Bc1 Qh5
35. Qe2 Rxf3 36. Bxf3 Qf7 37. Rxg7+ Kxg7 38. Bg4 d4 39. f4 Be7 40. Qg2 Bxg4 41.
Qxg4+ Qg6 42. f5 Qxg4 43. hxg4 c4 44. f6+ Kf7 45. fxe7 c3 46. Kg3 d3 47. Kf3 d2
48. Bxd2 cxd2 49. e8=Q+ Kxe8 50. Ke2 Kd7 51. Kxd2 Ke6 52. Ke3 Kxe5 53. Kf3 Kd5
54. Kf4 Kc5 55. Kg5 Kxb5 56. Kh6 Kc5 57. Kxh7 b5 58. g5 b4 59. g6 b3 60. g7 b2
61. g8=Q b1=Q+ 62. Qg6 Qxg6+ 63. Kxg6 1/2-1/2

[Event "4NCL 2012-13"]
[Site "Staverton ENG"]
[Date "2013.01.12"]
[Round "3.183"]
[White "Bates, Richard A"]
[Black "McNab, Colin A"]
[Result "1/2-1/2"]
[WhiteTitle "IM"]
[BlackTitle "GM"]
[WhiteElo "2370"]
[BlackElo "2455"]
[WhiteTeam "Blackthorne Russia"]
[BlackTeam "White Rose"]
[WhiteFideId "403555"]
[BlackFideId "2400030"]
[EventDate "2012.11.03"]

1. d4 d6 2. Nf3 g6 3. g3 Bg7 4. Bg2 Nd7 5. O-O e5 6. c4 Ngf6 7. Nc3 O-O 8. e3
Re8 9. a4 exd4 10. exd4 d5 11. a5 c6 12. cxd5 Nxd5 13. Nxd5 cxd5 14. Qb3 Nf6 15.
Bf4 Re7 16. Rfc1 Bf5 17. a6 bxa6 18. Rxa6 Re6 19. Rxe6 Bxe6 20. Ng5 Nh5 21. Nxe6
fxe6 22. Be3 Bf6 23. Qb7 Ng7 24. Bh3 a5 25. Rc7 Rb8 26. Qc6 Qe8 27. Qc5 a4 28.
Bh6 Nf5 29. Bxf5 gxf5 30. Qa7 Ra8 31. Rg7+ Kh8 32. Rxh7+ Kg8 33. Rg7+ 1/2-1/2

[Event "4NCL 2012-13"]
[Site "Staverton ENG"]
[Date "2013.01.12"]
[Round "3.184"]
[White "Gourlay, Iain"]
[Black "Webb, Laurence E"]
[Result "1/2-1/2"]
[WhiteTitle "FM"]
[BlackTitle "FM"]
[WhiteElo "2347"]
[BlackElo "2285"]
[WhiteTeam "White Rose"]
[BlackTeam "Blackthorne Russia"]
[WhiteFideId "2401533"]
[BlackFideId "402389"]
[EventDate "2012.11.03"]

1. Nf3 Nc6 2. d4 d5 3. g3 Bg4 4. Bg2 Bxf3 5. Bxf3 Nf6 6. Bg5 e5 7. dxe5 Nxe5 8.
O-O Nxf3+ 9. exf3 Be7 10. Bxf6 Bxf6 11. Re1+ Kf8 12. Nd2 g6 13. c4 Kg7 14. Qb3
dxc4 15. Nxc4 b6 16. Rad1 Re8 17. Ne5 Qe7 18. f4 Rad8 19. Rxd8 Rxd8 20. Re3 Qe6
21. Qc2 Qd6 22. Rd3 Qe7 23. Re3 Qd6 24. Rd3 Qe6 25. Re3 Qxa2 26. Qxc7 Rd1+ 27.
Kg2 Qd5+ 28. Kh3 Qe6+ 29. Kg2 Qd5+ 30. Kh3 Rd2 31. f3 Bxe5 32. fxe5 Qe6+ 33. g4
Rxb2 34. Qxa7 h5 35. Qa1 hxg4+ 36. fxg4 Rb4 37. Qd1 Rb5 38. Qd4 Rd5 39. Qb2 b5
40. Kg3 Rc5 41. h3 Kg8 42. Qd4 Qd5 43. Qxd5 Rxd5 1/2-1/2

[Event "4NCL 2012-13"]
[Site "Staverton ENG"]
[Date "2013.01.12"]
[Round "3.185"]
[White "Ledger, Dave J"]
[Black "Croad, Nicolas"]
[Result "1-0"]
[WhiteTitle "FM"]
[BlackTitle "FM"]
[WhiteElo "2268"]
[BlackElo "2282"]
[WhiteTeam "Blackthorne Russia"]
[BlackTeam "White Rose"]
[WhiteFideId "401986"]
[BlackFideId "4300793"]
[EventDate "2012.11.03"]

1. e4 e6 2. d4 d5 3. Nc3 Bb4 4. e5 c5 5. a3 Bxc3+ 6. bxc3 Qa5 7. Bd2 Qa4 8. Qb1
c4 9. Ne2 Nc6 10. Nf4 Bd7 11. Be2 O-O-O 12. O-O f6 13. exf6 Nxf6 14. Bf3 Qa5 15.
Qe1 Rde8 16. Nh5 Re7 17. Bf4 Nxh5 18. Bxh5 Be8 19. Bg5 Bxh5 20. Bxe7 Nxe7 21.
Qxe6+ Kd8 22. Qd6+ Ke8 23. Rae1 Qd8 24. Rxe7+ Qxe7 25. Qb8+ Kf7 26. Qxh8 Bg6 27.
Qb8 a6 28. Qf4+ Kg8 29. Qc1 h6 30. Re1 Qd7 31. h3 Be4 32. f3 Bg6 33. Qe3 Kh7 34.
Qe7 Qa4 35. Qf8 1-0

[Event "4NCL 2012-13"]
[Site "Staverton ENG"]
[Date "2013.01.12"]
[Round "3.186"]
[White "Olsarova, Tereza"]
[Black "Eames, Robert S"]
[Result "1-0"]
[WhiteTitle "WIM"]
[BlackTitle "FM"]
[WhiteElo "2267"]
[BlackElo "2263"]
[WhiteTeam "White Rose"]
[BlackTeam "Blackthorne Russia"]
[WhiteFideId "325449"]
[BlackFideId "408743"]
[EventDate "2012.11.03"]

1. e4 c5 2. Nf3 d6 3. d4 cxd4 4. Nxd4 Nf6 5. Nc3 a6 6. h3 e6 7. g4 b5 8. Bg2 Bb7
9. O-O b4 10. Nd5 Nbd7 11. g5 Ng8 12. Nxb4 Ne7 13. Re1 Ng6 14. Nf5 Nde5 15. f4
exf5 16. Nd5 fxe4 17. Bxe4 Be7 18. fxe5 dxe5 19. Qf3 Bc5+ 20. Kh2 Nh4 21. Qb3
Rb8 22. Qc4 Bd6 23. Be3 O-O 24. Bxh7+ Kxh7 25. Qxh4+ Kg6 26. Qe4+ Kh5 27. Qh7# 1-0

[Event "4NCL 2012-13"]
[Site "Staverton ENG"]
[Date "2013.01.12"]
[Round "3.187"]
[White "Ledger, Stephen C"]
[Black "Townsend, M Paul"]
[Result "1/2-1/2"]
[WhiteElo "2088"]
[BlackElo "2234"]
[WhiteTeam "Blackthorne Russia"]
[BlackTeam "White Rose"]
[WhiteFideId "404470"]
[BlackFideId "402320"]
[EventDate "2012.11.03"]

1. d4 g6 2. Nf3 Bg7 3. g3 Nf6 4. Bg2 O-O 5. O-O d6 6. c4 c6 7. Nc3 Bf5 8. Qb3
Qc7 9. Bf4 Na6 10. Rac1 Ne4 11. Nxe4 Bxe4 12. Qe3 Bxf3 13. Bxf3 e5 14. dxe5 dxe5
15. Bh6 Bxh6 16. Qxh6 Nc5 17. Rfd1 Ne6 18. e3 Rad8 19. Qh4 Kg7 20. b4 Rxd1+ 21.
Rxd1 Rd8 22. Rxd8 Nxd8 23. c5 Qd7 24. Qe4 f6 25. Be2 Ne6 26. Bg4 h5 27. Bxe6 1/2-1/2

[Event "4NCL 2012-13"]
[Site "Staverton ENG"]
[Date "2013.01.13"]
[Round "4.111"]
[White "Howell, David W L"]
[Black "Turner, Matthew J"]
[Result "1/2-1/2"]
[WhiteTitle "GM"]
[BlackTitle "GM"]
[WhiteElo "2634"]
[BlackElo "2504"]
[WhiteTeam "Wood Green, Hilsmark Kingfisher"]
[BlackTeam "Barbican 4NCL"]
[WhiteFideId "410608"]
[BlackFideId "402893"]
[EventDate "2012.11.03"]

1. e4 e5 2. Nf3 Nf6 3. Nxe5 d6 4. Nf3 Nxe4 5. d4 d5 6. Bd3 Be7 7. O-O Nc6 8. Re1
Bf5 9. c4 Nb4 10. Bf1 O-O 11. a3 Nc6 12. cxd5 Qxd5 13. Nc3 Nxc3 14. bxc3 Rfe8
15. Ne5 Bg6 16. Bc4 Qd6 17. Nxg6 Qxg6 18. Be3 a6 19. Rb1 Bxa3 20. Rxb7 Bd6 21.
Bd3 Qf6 22. Qf3 Qxf3 23. gxf3 Nd8 24. Rbb1 Ne6 25. Be4 Rab8 26. Ra1 Rb3 27. c4
Bb4 28. Red1 a5 29. c5 Rd8 30. Rac1 Ba3 31. Ra1 Bb4 32. f4 Bc3 33. d5 Bxa1 34.
Rxa1 Rb4 35. f3 Nd4 36. Bxd4 Rxd4 37. Rxa5 g6 38. Kf2 f5 39. Bb1 Rd2+ 40. Ke3
R8xd5 41. Ba2 Rxa2 42. Rxa2 Rxc5 43. Rd2 Rc4 44. Rd8+ Kg7 45. Rd7+ Kh6 46. Kf2
Rxf4 47. Rxc7 Rh4 48. Kg3 Kg5 49. Rg7 f4+ 50. Kg2 Kf6 51. Ra7 Rh5 52. Rb7 Rg5+
53. Kf2 Rh5 54. Kg2 Rg5+ 55. Kf2 Rh5 56. Kg2 Rg5+ 1/2-1/2

[Event "4NCL 2012-13"]
[Site "Staverton ENG"]
[Date "2013.01.13"]
[Round "4.112"]
[White "Parker, Jonathan F"]
[Black "Rowson, Jonathan"]
[Result "0-1"]
[WhiteTitle "GM"]
[BlackTitle "GM"]
[WhiteElo "2525"]
[BlackElo "2586"]
[WhiteTeam "Barbican 4NCL"]
[BlackTeam "Wood Green, Hilsmark Kingfisher"]
[WhiteFideId "400580"]
[BlackFideId "2400561"]
[EventDate "2012.11.03"]

1. d4 Nf6 2. c4 e6 3. Nc3 Bb4 4. e3 O-O 5. Bd3 d5 6. Ne2 dxc4 7. Bxc4 e5 8. O-O
Qe7 9. a3 Bd6 10. Nb5 e4 11. Nxd6 cxd6 12. Nf4 b6 13. Bd2 Bb7 14. Rc1 Na6 15. b4
Nc7 16. b5 Qd7 17. Qb3 g5 18. Nh3 h6 19. a4 Rac8 20. Kh1 Bd5 21. Ng1 Qe6 22.
Bxd5 Ncxd5 23. a5 Kg7 24. axb6 axb6 25. Rc6 Ng8 26. f3 Nge7 27. fxe4 Qxe4 28.
Rxd6 Rc2 29. Rf2 Ra8 30. Qb1 Raa2 31. Qf1 f5 32. Qd1 Nxe3 33. Qh5 Ng4 0-1

[Event "4NCL 2012-13"]
[Site "Staverton ENG"]
[Date "2013.01.13"]
[Round "4.113"]
[White "Gordon, Stephen J"]
[Black "Cox, John J"]
[Result "1/2-1/2"]
[WhiteTitle "GM"]
[BlackTitle "IM"]
[WhiteElo "2533"]
[BlackElo "2396"]
[WhiteTeam "Wood Green, Hilsmark Kingfisher"]
[BlackTeam "Barbican 4NCL"]
[WhiteFideId "411477"]
[BlackFideId "401064"]
[EventDate "2012.11.03"]

1. d4 Nf6 2. Nf3 c5 3. d5 e6 4. Nc3 exd5 5. Nxd5 Nxd5 6. Qxd5 Nc6 7. e4 d6 8.
Ng5 Qe7 9. Bc4 f6 10. Qf7+ Kd7 11. Nf3 Qxf7 12. Bxf7 Kc7 13. Bf4 Bg4 14. Nd2 Nd4
15. f3 Bd7 16. Kf2 Ne6 17. Bg3 Be7 18. Nc4 Raf8 19. Bxe6 Bxe6 20. Ne3 Kc6 21.
Rhe1 Rd8 22. Rad1 Rhe8 23. Rd3 Bf8 24. Red1 Rd7 25. h3 b5 26. b3 Red8 27. Bf4 d5
28. exd5+ Bxd5 29. Bc7 Kxc7 30. Rxd5 a6 31. c4 Kc6 32. f4 Rxd5 33. Rxd5 Rb8 34.
Kf3 g6 35. Rd3 f5 36. g4 fxg4+ 37. Nxg4 Bd6 38. Ne5+ Kc7 39. Ke4 Re8 40. Rd2
bxc4 41. bxc4 g5 42. Rd5 gxf4 43. Kxf4 Rf8+ 44. Ke3 Rf1 45. Nd3 Ra1 46. Nxc5
Bxc5+ 47. Rxc5+ Kb6 48. Rh5 Rxa2 49. Kd4 Rd2+ 50. Kc3 Rd1 51. Rxh7 Rc1+ 52. Kb3
Rh1 53. Rh5 a5 54. h4 Kc6 55. Rh8 Kc5 56. h5 Rh3+ 57. Ka4 Kxc4 58. h6 Rh1 59.
Kxa5 Kc5 60. Ka4 Kb6 61. Kb4 Rh4+ 62. Kc3 Kb7 63. Kd3 Rf4 64. Ke3 Rf6 65. Ke4
Rc6 66. Kd5 Rf6 67. Rh7+ Kb6 68. Ke5 Rc6 69. Rh8 Kb7 70. Kf5 Rc5+ 71. Ke6 Rc6+
72. Ke5 Rc5+ 73. Kd4 Rc6 74. Rh7+ Kb6 75. Rh8 Kb7 76. Rh7+ Kb6 77. Rh8 1/2-1/2

[Event "4NCL 2012-13"]
[Site "Staverton ENG"]
[Date "2013.01.13"]
[Round "4.114"]
[White "D'Costa, Lorin A R"]
[Black "Fontaine, Robert"]
[Result "1/2-1/2"]
[WhiteTitle "IM"]
[BlackTitle "GM"]
[WhiteElo "2426"]
[BlackElo "2559"]
[WhiteTeam "Barbican 4NCL"]
[BlackTeam "Wood Green, Hilsmark Kingfisher"]
[WhiteFideId "409219"]
[BlackFideId "605590"]
[EventDate "2012.11.03"]

1. d4 Nf6 2. c4 g6 3. Nc3 Bg7 4. e4 d6 5. h3 O-O 6. Nf3 e5 7. d5 Nbd7 8. Bg5 h6
9. Be3 Nc5 10. Nd2 a5 11. Be2 Nfd7 12. g4 c6 13. Qc2 a4 14. h4 Qa5 15. g5 h5 16.
Rb1 Qb4 17. O-O f6 18. Kg2 fxg5 19. hxg5 Rf4 20. Rh1 Qa5 21. b4 axb3 22. axb3
Na6 23. Nf3 Nb4 24. Qd2 Rg4+ 25. Kf1 cxd5 26. exd5 Nc5 27. Nh4 Rxh4 28. Rxh4 Bf5
29. Rb2 Qa1+ 30. Kg2 Nbd3 31. Bxd3 Nxd3 32. Rb1 Nf4+ 33. Bxf4 Bxb1 34. Be3 Bf5
35. Nb5 Ra2 36. Qc1 Bb1 37. c5 dxc5 38. Nc3 Rc2 39. Qxb1 Qxc3 40. Rc4 Qxe3 41.
Qxc2 Qxg5+ 42. Kf1 Bf8 43. Qe4 Bd6 44. Rc3 Kg7 45. Rg3 Qf6 46. Rf3 Qe7 1/2-1/2

[Event "4NCL 2012-13"]
[Site "Staverton ENG"]
[Date "2013.01.13"]
[Round "4.115"]
[White "Pert, Nicholas"]
[Black "Griffiths, Ryan Rhys"]
[Result "1/2-1/2"]
[WhiteTitle "GM"]
[BlackTitle "FM"]
[WhiteElo "2557"]
[BlackElo "2353"]
[WhiteTeam "Wood Green, Hilsmark Kingfisher"]
[BlackTeam "Barbican 4NCL"]
[WhiteFideId "403989"]
[BlackFideId "2502054"]
[EventDate "2012.11.03"]

1. Nf3 c5 2. c4 Nc6 3. g3 e5 4. Nc3 g6 5. Bg2 Bg7 6. a3 Nge7 7. b4 d5 8. bxc5
dxc4 9. Rb1 O-O 10. O-O Na5 11. d3 cxd3 12. exd3 Bf5 13. Ne4 Qc7 14. Bg5 Rad8
15. Qe2 h6 16. Bxe7 Qxe7 17. Nd6 Bg4 18. h3 Bxf3 19. Bxf3 b6 20. d4 Qf6 21. d5
Qe7 22. Qa6 f5 23. cxb6 Qxd6 24. Qxa5 e4 25. Bg2 Bd4 26. bxa7 Qd7 27. Qa6 Qxa7
28. Qxg6+ Bg7 29. g4 Rf6 30. Qh5 Rxd5 31. gxf5 Rdxf5 32. Qe8+ Bf8 33. Qxe4 Rxf2
34. Rxf2 Qxf2+ 35. Kh1 Qf4 36. Qd5+ Kh8 37. Rf1 Qd6 38. Rxf6 Qxf6 39. a4 Bd6 40.
Qa8+ Kg7 41. Qb7+ Qe7 42. Qxe7+ Bxe7 43. a5 Bc5 44. a6 h5 45. h4 Ba7 46. Bf3 Bb6
47. Bxh5 Ba7 48. Kg2 Bb6 49. Kf3 Ba7 50. Ke4 Bb6 51. Be2 Ba7 1/2-1/2

[Event "4NCL 2012-13"]
[Site "Staverton ENG"]
[Date "2013.01.13"]
[Round "4.117"]
[White "Emms, John M"]
[Black "Knott, Simon J B"]
[Result "1-0"]
[WhiteTitle "GM"]
[BlackTitle "IM"]
[WhiteElo "2483"]
[BlackElo "2325"]
[WhiteTeam "Wood Green, Hilsmark Kingfisher"]
[BlackTeam "Barbican 4NCL"]
[WhiteFideId "400254"]
[BlackFideId "400645"]
[EventDate "2012.11.03"]

1. e4 e6 2. d4 d5 3. Nd2 c5 4. exd5 Qxd5 5. Ngf3 cxd4 6. Bc4 Qd6 7. O-O Nf6 8.
Nb3 Nc6 9. Nbxd4 Nxd4 10. Nxd4 a6 11. Re1 Qc7 12. Qe2 Bd6 13. Bg5 O-O 14. Bd3
Bxh2+ 15. Kf1 Bf4 16. Bxf6 gxf6 17. Qh5 f5 18. Rad1 Kh8 19. g4 e5 20. Nxf5 f6
21. Nh4 Kg8 22. Be4 Be6 23. Rd6 Rf7 24. Red1 Qc4+ 25. Bd3 Qc8 26. Nf5 Bc4 27.
Rxf6 e4 28. b3 exd3 29. bxc4 Qxc4 30. cxd3 Qxa2 31. g5 Rxf6 32. gxf6 Qf7 33.
Qg4+ Kh8 34. Qxf4 Qxf6 35. Re1 a5 36. Re7 a4 37. Qxa4 1-0

[Event "4NCL 2012-13"]
[Site "Staverton ENG"]
[Date "2013.01.13"]
[Round "4.118"]
[White "Lauterbach, Ingrid"]
[Black "Arakhamia-Grant, Ketevan"]
[Result "1/2-1/2"]
[WhiteTitle "WIM"]
[BlackTitle "GM"]
[WhiteElo "2143"]
[BlackElo "2414"]
[WhiteTeam "Barbican 4NCL"]
[BlackTeam "Wood Green, Hilsmark Kingfisher"]
[WhiteFideId "405221"]
[BlackFideId "13600168"]
[EventDate "2012.11.03"]

1. e4 c5 2. c3 d5 3. exd5 Qxd5 4. d4 Nf6 5. Nf3 e6 6. Be3 cxd4 7. cxd4 Bb4+ 8.
Nc3 O-O 9. Bd3 b6 10. O-O Bxc3 11. bxc3 Ba6 12. Bxa6 Nxa6 13. Qa4 Nb8 14. c4 Qc6
15. Qb3 Nbd7 16. a4 a5 17. Rab1 Rfc8 18. Rfc1 h6 19. h3 Ne4 20. Qb5 Qxb5 21.
axb5 a4 22. Nd2 Nxd2 23. Bxd2 a3 24. Be3 Kf8 25. Rb4 Ke8 26. Ra1 a2 27. Kf1 Ra3
28. Ke2 Nf6 29. f3 Rc3 30. Rxa2 R3xc4 31. Rxc4 Rxc4 32. Ra8+ Ke7 33. Ra7+ Nd7
34. d5 Kd6 35. dxe6 fxe6 36. Ra6 Kc7 37. Ra7+ Kd6 38. Ra6 Kc7 39. Ra7+ Kd6 1/2-1/2

[Event "4NCL 2012-13"]
[Site "Staverton ENG"]
[Date "2013.01.13"]
[Round "4.121"]
[White "Slavin, Alexey"]
[Black "Hawkins, Jonathan"]
[Result "1/2-1/2"]
[WhiteTitle "IM"]
[BlackTitle "IM"]
[WhiteElo "2397"]
[BlackElo "2511"]
[WhiteTeam "e2e4.org.uk"]
[BlackTeam "Cheddleton"]
[WhiteFideId "24104388"]
[BlackFideId "412686"]
[EventDate "2012.11.03"]

1. Nf3 Nf6 2. d4 g6 3. c4 Bg7 4. Nc3 d5 5. cxd5 Nxd5 6. e4 Nxc3 7. bxc3 c5 8.
Rb1 O-O 9. Be2 Nc6 10. d5 Ne5 11. Nxe5 Bxe5 12. Qd2 e6 13. f4 Bc7 14. Bc4 a6 15.
a4 b5 16. axb5 axb5 17. Bxb5 exd5 18. exd5 Bb7 19. O-O Qxd5 20. Qxd5 Bxd5 21.
Be3 Ra2 22. Rf2 Rxf2 23. Kxf2 Rb8 24. Bd3 Rxb1 25. Bxb1 Ba5 1/2-1/2

[Event "4NCL 2012-13"]
[Site "Staverton ENG"]
[Date "2013.01.13"]
[Round "4.122"]
[White "Hamitevici, Vladimir"]
[Black "Panjwani, Raja"]
[Result "1-0"]
[WhiteTitle "IM"]
[BlackTitle "IM"]
[WhiteElo "2440"]
[BlackElo "2402"]
[WhiteTeam "Cheddleton"]
[BlackTeam "e2e4.org.uk"]
[WhiteFideId "13902393"]
[BlackFideId "2604493"]
[EventDate "2012.11.03"]

1. Nf3 Nf6 2. c4 c5 3. g3 e6 4. Bg2 Be7 5. O-O a6 6. b3 d6 7. d4 cxd4 8. Nxd4
Qc7 9. Ba3 O-O 10. Qd2 Nbd7 11. Nc3 Rd8 12. Rfd1 Nf8 13. Rac1 Bd7 14. h3 Rac8
15. Bb4 Qb8 16. a4 Ng6 17. Ba3 Bc6 18. e4 Bd7 19. f4 Bf8 20. Qe2 e5 21. Nf5 exf4
22. Nxd6 Bg4 23. hxg4 Rxd6 24. Bxd6 Bxd6 25. g5 Bc5+ 26. Kh1 f3 27. Qxf3 Ne5 28.
Qf5 Nfg4 29. Bh3 g6 30. Qf1 Nf2+ 31. Kg2 Nxd1 32. Rxd1 Rd8 33. Nd5 Rd6 34. b4
Bxb4 35. Nxb4 Nxc4 36. Nc2 Qe8 37. Kg1 Rxd1 38. Qxd1 Qxe4 39. Qd8+ Kg7 40. Qd4+
Qxd4+ 41. Nxd4 Nb6 42. a5 Nc4 43. Nb3 b6 44. axb6 Nxb6 45. Bf1 f6 46. gxf6+ Kxf6
47. Bxa6 h5 48. Kf2 Nd7 49. Be2 Kg5 50. Nd2 Ne5 51. Ke3 Ng4+ 52. Ke4 Nh6 53. Kf3
Nf7 54. Kf2 Ne5 55. Nf3+ Nxf3 56. Kxf3 Kh6 57. Kg2 g5 58. Kh3 Kg6 59. Bd1 Kh6
60. Ba4 Kg6 61. Be8+ Kh6 62. Bf7 h4 63. g4 Kg7 64. Bc4 1-0

[Event "4NCL 2012-13"]
[Site "Staverton ENG"]
[Date "2013.01.13"]
[Round "4.123"]
[White "Sowray, Peter J"]
[Black "Arkell, Keith C"]
[Result "1/2-1/2"]
[WhiteTitle "FM"]
[BlackTitle "GM"]
[WhiteElo "2362"]
[BlackElo "2462"]
[WhiteTeam "e2e4.org.uk"]
[BlackTeam "Cheddleton"]
[WhiteFideId "400971"]
[BlackFideId "400270"]
[EventDate "2012.11.03"]

1. d4 Nf6 2. c4 c5 3. d5 e5 4. Nc3 d6 5. e4 Be7 6. Bd3 O-O 7. Nf3 Na6 8. h3 Nc7
9. a3 a5 10. Be3 Bd7 11. Qe2 a4 12. O-O g6 13. Bh6 Re8 14. Qd2 Nh5 15. g4 Ng7
16. Kh2 f6 17. Rg1 Bf8 18. Rg2 Re7 19. Ng1 Rf7 20. Nge2 Qe8 21. Rag1 b5 22. Ng3
bxc4 23. Bxc4 Nb5 24. Bxb5 Bxb5 25. h4 Bd7 26. f3 Qd8 27. Kh1 Rb8 28. Nd1 Rb3
29. Ne3 Ne8 30. Bxf8 Rxf8 31. Qf2 Rf7 32. Rh2 Bc8 33. h5 g5 34. Ngf5 Rfb7 35.
Nc4 Bxf5 36. gxf5 Kf8 37. h6 Qa8 38. Rc1 Rd3 39. Rc2 Rd4 40. Qe1 Rb3 41. Rc3 Qa6
42. Rhc2 Nc7 43. Qe2 Ke7 44. Kg2 Na8 45. Kf2 Rxc3 46. Rxc3 Nb6 47. Ne3 c4 48.
Nc2 Qb5 49. Nxd4 exd4 50. Rc1 Qc5 51. Kg2 d3 52. Qf2 Qa5 53. Rd1 Nd7 54. Qd2 Qa7
55. Qf2 Qb8 56. Qd4 Ne5 57. Rd2 Qb3 58. Qa7+ Nd7 59. Kg3 Qa2 60. Qe3 Qb1 61. Kh2
Qf1 62. Rf2 Qd1 63. Qd2 Qb3 64. f4 gxf4 65. Rg2 Ne5 66. Qf2 Kf8 67. Qa7 Nf3+ 68.
Kh3 Ng5+ 69. Kh4 d2 70. Qa8+ Ke7 71. Qa7+ Kd8 72. Qa8+ Kc7 73. Qa7+ Qb7 74. Qxa4
Qb3 75. Qa7+ Kc8 76. Qa8+ Kc7 77. Qa7+ Kd8 78. Qa8+ Kd7 1/2-1/2

[Event "4NCL 2012-13"]
[Site "Staverton ENG"]
[Date "2013.01.13"]
[Round "4.124"]
[White "Paehtz, Elisabeth"]
[Black "Jackson, James P"]
[Result "1-0"]
[WhiteTitle "IM"]
[WhiteElo "2482"]
[BlackElo "2221"]
[WhiteTeam "Cheddleton"]
[BlackTeam "e2e4.org.uk"]
[WhiteFideId "4641833"]
[BlackFideId "416860"]
[EventDate "2012.11.03"]

1. e4 c5 2. Nf3 Nc6 3. Nc3 e5 4. Bc4 Be7 5. d3 d6 6. Nd2 Nf6 7. Nf1 Bg4 8. Qd2
Be6 9. Ne3 O-O 10. O-O a6 11. a3 b5 12. Ba2 Rb8 13. Ncd5 Nd7 14. g3 Bg5 15. f4
Bh6 16. Qg2 Kh8 17. Bd2 a5 18. h3 g6 19. f5 Bxd5 20. Bxd5 Ne7 21. Ba2 f6 22.
fxg6 hxg6 23. Be6 Bxe3+ 24. Bxe3 Kg7 25. Qf3 Ng8 26. Qg4 Rb7 27. Bd5 Rc7 28. Bd2
b4 29. Rf2 Qe7 30. axb4 axb4 31. Ra6 Nb8 32. Ra8 Ra7 33. Rxa7 Qxa7 34. h4 Nh6
35. Qe6 Qd7 36. Bxh6+ Kxh6 37. Rxf6 Qxe6 38. Rxe6 Rd8 39. g4 Na6 40. h5 Kg5 41.
Rxg6+ Kf4 42. Kf2 Nc7 43. Bg8 Ra8 44. h6 Ra1 45. Kg2 Re1 46. Rf6+ Kg5 47. h7 1-0

[Event "4NCL 2012-13"]
[Site "Staverton ENG"]
[Date "2013.01.13"]
[Round "4.125"]
[White "Byron, Alan M"]
[Black "Burns-Mannion, Stephen R"]
[Result "0-1"]
[BlackTitle "IM"]
[WhiteElo "2167"]
[BlackElo "2351"]
[WhiteTeam "e2e4.org.uk"]
[BlackTeam "Cheddleton"]
[WhiteFideId "401773"]
[BlackFideId "2400111"]
[EventDate "2012.11.03"]

1. e4 e5 2. Nf3 Nc6 3. Bb5 a6 4. Ba4 Nf6 5. O-O Be7 6. Re1 b5 7. Bb3 d6 8. c3
O-O 9. h3 Na5 10. Bc2 c5 11. d4 Nd7 12. Nbd2 exd4 13. cxd4 Re8 14. Nf1 Bb7 15.
d5 Nc4 16. Ne3 Nxe3 17. Bxe3 Bf6 18. Rb1 Rc8 19. Bd2 c4 20. a4 Ne5 21. axb5 axb5
22. Bc3 Qb6 23. Nxe5 Bxe5 24. Qd2 Ra8 25. Ra1 f6 26. Rxa8 Rxa8 27. Bd1 Bc8 28.
Be2 Bd7 29. Rd1 Ra2 30. Rb1 h6 31. Kf1 Qa7 32. f4 Bxc3 33. Qxc3 Qc5 34. Rc1 Ra8
35. Rd1 Qb6 36. g4 Rc8 37. Kg2 b4 38. Qg3 c3 39. g5 hxg5 40. fxg5 fxg5 41. Rf1
Qd8 42. Bh5 c2 43. Bf7+ Kh8 44. Qe3 Bb5 45. Rh1 Qf6 46. Be6 c1=Q 0-1

[Event "4NCL 2012-13"]
[Site "Staverton ENG"]
[Date "2013.01.13"]
[Round "4.126"]
[White "Eggleston, David J"]
[Black "Willmoth, Robert F"]
[Result "1-0"]
[WhiteTitle "FM"]
[WhiteElo "2337"]
[BlackElo "2164"]
[WhiteTeam "Cheddleton"]
[BlackTeam "e2e4.org.uk"]
[WhiteFideId "412120"]
[BlackFideId "402540"]
[EventDate "2012.11.03"]

1. e4 e6 2. d4 d5 3. Nc3 Bb4 4. e5 c5 5. a3 Bxc3+ 6. bxc3 Ne7 7. Qg4 Nf5 8. Bd3
h5 9. Qd1 Nc6 10. Nf3 Nh4 11. Nxh4 Qxh4 12. Be3 Bd7 13. O-O c4 14. Be2 O-O-O 15.
a4 Rdg8 16. Qc1 Qd8 17. Qa3 g5 18. Rfb1 Qe7 19. Bc1 Qxa3 20. Bxa3 Re8 21. h3 Rh7
22. f4 gxf4 23. Rf1 Ne7 24. Bxe7 Rxe7 25. a5 Re8 26. Rxf4 Reh8 27. Rh4 Kd8 28.
Bf3 Ke7 29. Kf2 f5 30. exf6+ Kxf6 31. Re1 Be8 32. Rf4+ Ke7 33. Bxd5 Bd7 34. Bxb7
Kd6 35. Ba6 Bc8 36. Bxc4 Rc7 37. Bb3 Rxc3 38. Re3 Rc7 39. c4 Rg7 40. c5+ Kc7 41.
Bxe6 Bxe6 42. Rxe6 Rhg8 43. g4 hxg4 44. hxg4 Rxg4 45. Rxg4 Rxg4 46. Ke3 Rg3+ 47.
Ke4 Ra3 48. a6 Ra1 49. Rh6 Re1+ 50. Kd5 Re7 51. Rc6+ Kd7 52. Rd6+ Kc7 53. Re6
Rd7+ 54. Kc4 Rh7 55. d5 Rh1 56. Re7+ Kb8 57. d6 Rh8 58. Kb5 Rd8 59. Rh7 Ka8 60.
Kc6 Rc8+ 61. Kd5 Re8 62. d7 Rd8 63. Kd6 Rg8 64. Re7 1-0

[Event "4NCL 2012-13"]
[Site "Staverton ENG"]
[Date "2013.01.13"]
[Round "4.127"]
[White "Mansson, James C"]
[Black "Bellin, Robert"]
[Result "1/2-1/2"]
[BlackTitle "IM"]
[WhiteElo "2123"]
[BlackElo "2355"]
[WhiteTeam "e2e4.org.uk"]
[BlackTeam "Cheddleton"]
[WhiteFideId "407100"]
[BlackFideId "400343"]
[EventDate "2012.11.03"]

1. Nf3 e6 2. c4 f5 3. g3 Nf6 4. Bg2 Be7 5. O-O O-O 6. Nc3 d5 7. cxd5 exd5 8. e3
c6 9. d3 a5 10. b3 Na6 11. Bb2 Nc5 12. Nd4 Ne8 13. Rc1 Ne6 14. Nxe6 Bxe6 15. Na4
Bc8 16. Bd4 Ra6 17. Nc5 Ra8 18. Na4 Ra6 19. Nc5 Ra8 20. Na4 1/2-1/2